000 00505nam a22001817a 4500
003 OSt
005 20180116183005.0
008 150806b xxu||||| |||| 00| 0 eng d
020 _a1405128097
040 _c0
082 _22nd
_a519.5 SOP 2004
100 _aJean Soper
245 _aMathematics for Economics and Business
_bAn Interactive Introduction
_cJean Soper
260 _aIndian
_bBlackwell
_c2004
300 _a404 p.
_bPB
440 _aMathematics for Economics and Business
942 _2ddc
_cBK
999 _c350018
_d350018